Rebríček poistných produktov
Faktory ovplyvňujúce výber produktu životného poistenia. Charakteristika rizikového životného poistenia, kapitálového životného poistenia, investičného životného poistenia, dôchodkového životného poistenia.
Salvato in:
| Autore principale: | |
|---|---|
| Natura: | Capitolo di libro |
| Lingua: | slovacco |
| Soggetti: | |
| Tags: |
Nessun Tag, puoi essere il primo ad aggiungerne!!
|
MARC
| LEADER | 00000naa$a2200000$$$4500 | ||
|---|---|---|---|
| 001 | 0063501 | ||
| 005 | 20240502071730.5 | ||
| 041 | 0 | |a slo | |
| 044 | |a SK | ||
| 245 | 1 | 0 | |a Rebríček poistných produktov |c Jana Hurtošová |
| 520 | |a Faktory ovplyvňujúce výber produktu životného poistenia. Charakteristika rizikového životného poistenia, kapitálového životného poistenia, investičného životného poistenia, dôchodkového životného poistenia. | ||
| 610 | 2 | 0 | |a poistenie životné |
| 610 | 2 | 0 | |a poisťovne |
| 610 | 2 | 0 | |a klienti |
| 610 | 2 | 0 | |a ochrana poistná |
| 610 | 2 | 0 | |a produkty poistné |
| 100 | 1 | |a Hurtošová, Jana | |